000 00218 a2200097 4500
001 35069
100 _aTucker
245 _aUnified Introduction to Linear Algebra
260 _aNY
_bMacmillan
_c
090 _c23217
_d23217
942 _aNUST-CAE
_cM
_c14689
999 _c270142
_d270142